000 00609nam a2200217Ia 4500
005 20221012130049.0
008 140110s9999 xx 000 0 und d
020 _a9781905211203
_cRs 750
040 _aLoreto College
041 _aEnglish
082 _a155.24
_bSEN
100 _aSenge, Peter M.
245 4 _aThe fifth discipline
_bThe art and practice of the learning organization
_cPeter M.Senge
260 _aLondon
_bRandom House Business Books
_c2006
300 _axvi,445p
504 _aIncludes index
650 _aManagement
651 _aSelf-Improvement
850 _aLCLIB
942 _cBK
999 _c36102
_d86581